| 000 | 00354nam a2200133Ia 4500 | ||
|---|---|---|---|
| 008 | 210210b1970 xxu||||| |||| 00| 0 eng d | ||
| 082 | _a300.72 DENS | ||
| 100 | _aDENZIN (Norman K). | ||
| 245 | _asociological methods: a sourcebook. | ||
| 260 |
_aChicago. _bAldine Publishing Co., _c1970 |
||
| 300 | _ax,590 | ||
| 690 | _aSocial Research | ||
| 906 | _a040786 | ||
| 999 |
_c90909 _d90909 |
||